Lego Star Wars: The Video Game Playable Characters Quiz - Statistics

General Stats
  • This quiz has been taken 55 times
  • The average score is 13 of 54
Answer Stats
Character % Correct
Qui-Gon Jinn
77%
Jar Jar Binks
43%
C-3PO
41%
Count Dooku
41%
Princess Leia
41%
R2-D2
41%
Yoda
41%
Battle Droid
39%
Darth Maul
39%
Mace Windu
39%
Clone
36%
General Grievous
34%
Jango Fett
34%
Captain Panaka
32%
Chewbacca
32%
Super Battle Droid
32%
Obi-Wan Kenobi (Padawan)
30%
Ki-Adi-Mundi
27%
Kit Fisto
27%
TC-14
27%
Commander Cody
25%
Luminara
25%
Stormtrooper
25%
Anakin Skywalker (Boy)
23%
Anakin Skywalker (Padawan)
23%
Shaak Ti
23%
Droideka
20%
Geonosian
20%
R4-P17
20%
Anakin Skywalker (Jedi Knight)
18%
Battle Droid (Commander)
18%
Darth Sidious
18%
Gonk Droid
18%
Chancellor Palpatine
16%
Rebel Trooper
16%
Wookie
16%
Obi-Wan Kenobi (Jedi Knight)
14%
Obi-Wan Kenobi (Jedi Master)
14%
Padmé Amidala (Clawed)
14%
PK Droid
14%
Royal Guard
14%
Boba Fett (Boy)
11%
Disguised Clone
11%
Padmé Amidala (Geonosis)
11%
Padmé Amidala (Queen)
11%
Anakin Skywalker (Darth Vader)
9%
Clone (Episode III)
9%
Clone (Episode III, Walker)
9%
Grievous' Bodyguard
9%
Clone (Episode III, Pilot)
7%
Clone (Episode III, Swamp)
7%
Mace Windu (Episode III outfit)
5%
Padmé Amidala (Battle Outfit)
5%
Padmé Amidala (Tatooine Disguise)
5%
No matching quizzes found
Score Distribution
Percent of People with Each Score
Percentile by Number Answered
Your Score History
You have not taken this quiz